[Event "4NCL/Div2/NID-3Cs"]
[Site "Rd10-Birmingham"]
[Date "2000.04.30"]
[Round "10.3"]
[White "Johnston, Dafydd"]
[Black "Taylor, Robert"]
[Result "1-0"]
[WhiteElo "2170"]
[BlackElo "2116"]
[PlyCount "115"]
[EventDate "2000.04.30"]

1. e4 c6 2. d4 d5 3. Nd2 dxe4 4. Nxe4 Nd7 5. Nf3 Ngf6 6. Ng3 e6 7. Bd3 Bd6 8.
O-O Qc7 9. Qe2 O-O 10. Re1 b6 11. Ne5 c5 12. Bg5 g6 13. Ne4 Nxe4 14. Bxe4 Bb7
15. Bxb7 Qxb7 16. Nc4 Qd5 17. Bh6 Rfd8 18. Nxd6 Qxd6 19. dxc5 Qxc5 20. Rad1 Qc6
21. Rd3 Nf6 22. Rxd8+ Rxd8 23. Bg5 e5 24. Qf3 Rd6 25. Qxc6 Rxc6 26. Bxf6 Rxf6
27. Rxe5 Rc6 28. Re2 Rc5 29. Kf1 Kg7 30. Ke1 Kf6 31. Kd2 h5 32. h4 a5 33. g3
Kf5 34. a4 f6 35. Re8 Rc6 36. c3 Kg4 37. Ke3 Rd6 38. Rb8 f5 39. b4 f4+ 40. gxf4
Re6+ 41. Kd4 Kxf4 42. Kd5 Rf6 43. bxa5 bxa5 44. c4 Kg4 45. c5 Rxf2 46. Rg8 Rd2+
47. Ke6 Rd4 48. c6 Rxa4 49. Kd5 Ra1 50. c7 Rc1 51. Rxg6+ Kxh4 52. Rc6 Rd1+ 53.
Kc5 Rc1+ 54. Kb6 Rxc6+ 55. Kxc6 Kg3 56. c8=Q h4 57. Qg8+ Kh2 58. Qg4 1-0

[Event "4NCL/Div2/NID-3Cs"]
[Site "Rd10-Birmingham"]
[Date "2000.04.30"]
[Round "10.4"]
[White "Walton, Alan"]
[Black "Gandy, Andrew"]
[Result "1/2-1/2"]
[WhiteElo "1928"]
[BlackElo "2085"]
[PlyCount "141"]
[EventDate "2000.04.30"]

1. d4 Nf6 2. Bg5 c5 3. Bxf6 gxf6 4. dxc5 Qa5+ 5. Qd2 Qxc5 6. Nc3 d6 7. e4 Bg7
8. Nd5 Bd7 9. Nf3 e6 10. Nc3 f5 11. exf5 Qxf5 12. Bd3 Qa5 13. Ne4 Qxd2+ 14.
Kxd2 Ke7 15. c3 Nc6 16. Rae1 Ne5 17. Nxe5 Bxe5 18. g3 Bg7 19. f4 Bc6 20. Rhf1
f6 21. Kc2 b6 22. Nd2 Kd7 23. Nf3 Bxf3 24. Rxf3 Raf8 25. Bb5+ Ke7 26. f5 e5 27.
Rf4 Rc8 28. Rg4 Bh6 29. Rh4 Bf8 30. a4 d5 31. Ba6 Rc7 32. Rd4 Kd6 33. Rd3 Bh6
34. Red1 d4 35. Kb3 Kd5 36. cxd4 e4 37. Rc3 Rxc3+ 38. bxc3 e3 39. Bb7+ Kd6 40.
Bf3 Re8 41. Kc2 Re7 42. Be2 Kd5 43. Kd3 Kd6 44. Rb1 Rc7 45. Rb5 Bg5 46. c4 Re7
47. a5 Kc7 48. axb6+ axb6 49. Rb2 Re8 50. Ra2 Kb8 51. Bf3 Kc7 52. Ra7+ Kd6 53.
Be2 Rh8 54. Rb7 h5 55. Rxb6+ Kc7 56. Re6 h4 57. g4 Ra8 58. c5 Ra3+ 59. Kc4 Ra2
60. Bd3 Rxh2 61. Kd5 Rd2 62. Bb5 h3 63. Re7+ Kd8 64. Rd7+ Kc8 65. Kc6 h2 66.
Rh7 Kd8 67. d5 e2 68. Bxe2 Rxe2 69. d6 Bf4 70. Rh8+ Re8 71. Rh7 1/2-1/2

[Event "4NCL/Div2/NID-3Cs"]
[Site "Rd10-Birmingham"]
[Date "2000.04.30"]
[Round "10.5"]
[White "Jones, Richard S"]
[Black "Bentley, John"]
[Result "0-1"]
[WhiteElo "2076"]
[BlackElo "1984"]
[PlyCount "70"]
[EventDate "2000.04.30"]

1. e4 c5 2. Nc3 Nc6 3. g3 g6 4. Bg2 Bg7 5. d3 d6 6. Be3 Nf6 7. h3 O-O 8. Qd2
Nd4 9. Nce2 Nxe2 10. Nxe2 Rb8 11. O-O b5 12. f4 Bb7 13. g4 Nd7 14. c3 b4 15. f5
bxc3 16. bxc3 Ne5 17. Bh6 Ba6 18. Bxg7 Kxg7 19. c4 Qb6 20. Rac1 Qb4 21. Nc3
Nxd3 22. f6+ exf6 23. Qxd3 Bxc4 24. Qf3 Bxf1 25. Rxf1 Qd4+ 26. Kh1 Rb2 27. Rd1
Rd2 28. Rxd2 Qxd2 29. Nd5 Qd4 30. Qb3 Re8 31. Kh2 c4 32. Qb4 Rc8 33. Qb7 Rc5
34. Qb1 Qd2 35. Qf1 Rxd5 0-1

[Event "4NCL/Div2/NID-3Cs"]
[Site "Rd10-Birmingham"]
[Date "2000.04.30"]
[Round "10.6"]
[White "Lewis, Andrew"]
[Black "Tabatabai, John"]
[Result "1-0"]
[WhiteElo "1976"]
[BlackElo "1865"]
[PlyCount "87"]
[EventDate "2000.04.30"]

1. e4 c5 2. c3 d5 3. exd5 Qxd5 4. d4 Nc6 5. Nf3 cxd4 6. cxd4 e5 7. Nc3 Bb4 8.
dxe5 Qxd1+ 9. Kxd1 Bg4 10. Bf4 O-O-O+ 11. Kc2 Bf5+ 12. Kc1 Nge7 13. Bc4 Ng6 14.
Bg3 Nd4 15. Ng5 Nc2 16. Nd5 Rxd5 17. Bxd5 Nxa1 18. Nxf7 Re8 19. a3 Bf8 20. Kd2
Nc2 21. Rc1 Kd7 22. Rxc2 Bxc2 23. Kxc2 b6 24. e6+ Ke7 25. f4 Kf6 26. Kd3 h6 27.
Ke4 Rxe6+ 28. Bxe6 Kxe6 29. Ne5 Ne7 30. Bf2 Nd5 31. f5+ Kd6 32. Bg3 Nf6+ 33.
Kd4 Nh5 34. Ng6+ Nxg3 35. hxg3 Be7 36. Nxe7 Kxe7 37. Ke5 h5 38. g4 hxg4 39. Kf4
g3 40. Kxg3 a5 41. Kf4 b5 42. g4 b4 43. axb4 axb4 44. Ke5 1-0

[Event "4NCL/Div2/NID-3Cs"]
[Site "Rd10-Birmingham"]
[Date "2000.04.30"]
[Round "10.7"]
[White "Sinnett, Glyn"]
[Black "Ashton, Adam"]
[Result "0-1"]
[WhiteElo "1900"]
[BlackElo "1840"]
[PlyCount "56"]
[EventDate "2000.04.30"]

1. d4 Nf6 2. c4 g6 3. Nc3 Bg7 4. e4 d6 5. Nge2 O-O 6. Ng3 e5 7. d5 a5 8. Be2
Na6 9. h4 c6 10. h5 cxd5 11. cxd5 Bd7 12. Be3 Nc5 13. Qd2 Ng4 14. Bxg4 Bxg4 15.
f3 Bd7 16. O-O-O b5 17. Bh6 Bf6 18. Nce2 Qc7 19. Kb1 Rfc8 20. hxg6 fxg6 21. Rc1
b4 22. Bg5 Bg7 23. Rh4 Bb5 24. Rg4 Bd3+ 25. Ka1 Nb3+ 26. axb3 a4 27. Qxd3 axb3+
28. Kb1 Ra1+ 0-1

[Event "4NCL/Div2/NID-3Cs"]
[Site "Rd10-Birmingham"]
[Date "2000.04.30"]
[Round "10.8"]
[White "Roberts, Elizabeth"]
[Black "Johnston, Lowri"]
[Result "1/2-1/2"]
[WhiteElo "1208"]
[BlackElo "1413"]
[PlyCount "46"]
[EventDate "2000.04.30"]

1. e4 d5 2. exd5 Nf6 3. Bb5+ Bd7 4. Be2 Nxd5 5. d4 Bf5 6. a3 e6 7. Nf3 Nc6 8.
O-O Bd6 9. c4 Nf6 10. Nc3 O-O 11. Bg5 Be7 12. d5 exd5 13. cxd5 Ne4 14. Nxe4
Bxe4 15. dxc6 Bxg5 16. Qxd8 Bxd8 17. cxb7 Bxb7 18. Rac1 Re8 19. Bb5 Re6 20.
Rfe1 Bxf3 21. Rxe6 fxe6 22. gxf3 Kf7 23. Bc4 Rb8 1/2-1/2

[Event "4NCL/Div2/PER-SWD"]
[Site "Rd10-Birmingham"]
[Date "2000.04.30"]
[Round "10.1"]
[White "Hunt, Adam"]
[Black "Cobb, James"]
[Result "1/2-1/2"]
[WhiteElo "2388"]
[BlackElo "2369"]
[PlyCount "42"]
[EventDate "2000.04.30"]

1. e4 e5 2. Nf3 Nc6 3. Bb5 a6 4. Ba4 Nf6 5. O-O Be7 6. d3 b5 7. Bb3 d6 8. a4
Bb7 9. Nc3 b4 10. Nd5 O-O 11. Bd2 a5 12. c3 bxc3 13. Bxc3 Nxd5 14. Bxd5 Qb8 15.
Nd2 Nb4 16. Bxb7 Qxb7 17. Nc4 Rfd8 18. f4 d5 19. Nxe5 f6 20. Nf3 dxe4 21. Qb3+
Qd5 1/2-1/2

[Event "4NCL/Div2/PER-SWD"]
[Site "Rd10-Birmingham"]
[Date "2000.04.30"]
[Round "10.2"]
[White "Zeidler, Sven"]
[Black "Mutton, Jonathan"]
[Result "1-0"]
[WhiteElo "2235"]
[BlackElo "2110"]
[PlyCount "119"]
[EventDate "2000.04.30"]

1. e4 c5 2. Nc3 Nc6 3. Bb5 Nd4 4. Bc4 e6 5. Nge2 Ne7 6. O-O a6 7. Nxd4 cxd4 8.
Ne2 Nc6 9. d3 g6 10. f4 Bg7 11. a4 O-O 12. Qe1 Rb8 13. Bd2 d5 14. exd5 exd5 15.
Bb3 Re8 16. Qf2 Be6 17. Rae1 b5 18. Ng3 Ne7 19. axb5 axb5 20. Bb4 Nc6 21. Bc5
f5 22. Qf3 Kh8 23. Re2 Na5 24. Ba2 b4 25. Rfe1 Qd7 26. Bxb4 Rxb4 27. Bxd5 Bxd5
28. Rxe8+ Bf8 29. Qe2 Kg8 30. Qe5 Nc6 31. Qf6 Qf7 32. Qd6 Rb5 33. Rc8 Kg7 34.
Qc7 Qxc7 35. Rxc7+ Kg8 36. Re8 Rb8 37. Rxb8 Nxb8 38. Ne2 Nc6 39. c4 dxc3 40.
Nxc3 Nb4 41. Nxd5 Nxd5 42. Rc8 Kf7 43. g3 Nb4 44. d4 Be7 45. Kf1 Ke6 46. Ke2
Kd5 47. Rh8 Bf6 48. Rxh7 Bxd4 49. Rh6 Bxb2 50. Rxg6 Nc6 51. h4 Ne7 52. Ra6 Nc6
53. h5 Kd6 54. h6 Kd7 55. h7 Ne7 56. Kf3 Nc6 57. Kg2 Nd8 58. Kh3 Ke7 59. Kh4
Nf7 60. Kh5 1-0

[Event "4NCL/Div2/PER-SWD"]
[Site "Rd10-Birmingham"]
[Date "2000.04.30"]
[Round "10.3"]
[White "Broomfield, Matthew"]
[Black "James, David J"]
[Result "1-0"]
[WhiteElo "2166"]
[BlackElo "2238"]
[PlyCount "121"]
[EventDate "2000.04.30"]

1. d4 Nf6 2. Nf3 b6 3. Bg5 Ne4 4. Bh4 Ba6 5. Nbd2 Nxd2 6. Qxd2 g6 7. e4 Bxf1 8.
Rxf1 Bg7 9. O-O-O O-O 10. Bg5 d6 11. h4 Nd7 12. h5 f6 13. Be3 Qe8 14. hxg6 hxg6
15. Bh6 Qf7 16. Bxg7 Kxg7 17. Kb1 c5 18. Rfe1 cxd4 19. Nxd4 Rac8 20. Re3 Rh8
21. f4 Nf8 22. e5 dxe5 23. fxe5 f5 24. g4 Ne6 25. gxf5 Nxd4 26. f6+ exf6 27.
Qxd4 fxe5 28. Rxe5 Kg8 29. Rd5 Rh7 30. Qg4 Rf8 31. Rd6 Rg7 32. a3 Qf4 33. Qe6+
Qf7 34. Qe4 Qf5 35. Qc4+ Qf7 36. Qc6 Qf3 37. Qc4+ Qf7 38. Qa4 Qf4 39. Qb3+ Qf7
40. Qa4 Qf4 41. R6d4 Qf5 42. Rd5 Qe6 43. Rd6 Qf7 44. Rd7 Qf6 45. Qxa7 Rxd7 46.
Qxd7 Rf7 47. Qd5 Kg7 48. a4 g5 49. Rg1 Kg6 50. Re1 Qf5 51. Qc6+ Rf6 52. Qe8+
Kg7 53. Re7+ Rf7 54. Rxf7+ Qxf7 55. Qxf7+ Kxf7 56. Kc1 Ke6 57. Kd2 Kd5 58. b4
Ke4 59. Ke2 Kd4 60. Kf3 Kc4 61. c3 1-0

[Event "4NCL/Div2/PER-SWD"]
[Site "Rd10-Birmingham"]
[Date "2000.04.30"]
[Round "10.4"]
[White "Richmond, Peter"]
[Black "Hodge, David"]
[Result "1/2-1/2"]
[WhiteElo "2202"]
[BlackElo "2117"]
[PlyCount "48"]
[EventDate "2000.04.30"]

1. e4 c5 2. Nf3 d6 3. d4 cxd4 4. Nxd4 Nf6 5. Nc3 a6 6. Bc4 e6 7. Bb3 Be7 8. Be3
O-O 9. f4 Qc7 10. Qf3 Nbd7 11. g4 b5 12. g5 Ne8 13. g6 hxg6 14. Nxe6 Ne5 15.
fxe5 Bxe6 16. Bxe6 Bh4+ 17. Kd2 fxe6 18. Qg4 Qe7 19. Raf1 Rxf1 20. Rxf1 dxe5
21. Qxg6 Nd6 22. Kc1 Nc4 23. Bh6 Bf6 24. Nd1 Rd8 1/2-1/2

[Event "4NCL/Div2/PER-SWD"]
[Site "Rd10-Birmingham"]
[Date "2000.04.30"]
[Round "10.5"]
[White "Trent, Lawrence"]
[Black "Morris, Charles"]
[Result "0-1"]
[WhiteElo "2188"]
[BlackElo "2231"]
[PlyCount "102"]
[EventDate "2000.04.30"]

1. e4 e6 2. d4 d5 3. Nd2 Nf6 4. e5 Nfd7 5. Bd3 c5 6. c3 Nc6 7. Ne2 cxd4 8. cxd4
f6 9. exf6 Nxf6 10. O-O Bd6 11. Nf3 Qc7 12. Bg5 O-O 13. Bh4 Nh5 14. Qc2 g6 15.
Bxg6 Nf4 16. Nxf4 Rxf4 17. Bg3 hxg6 18. Bxf4 Bxf4 19. Qxg6+ Qg7 20. Qxg7+ Kxg7
21. g3 Bc7 22. Rad1 Bb6 23. h4 Bd7 24. Kg2 Be8 25. g4 Bg6 26. Kg3 Bc7+ 27. Kh3
Bf4 28. Ne5 Bc2 29. Nd3 Bxd1 30. Nxf4 Bc2 31. Nxe6+ Kf6 32. Nf4 Rd8 33. g5+ Kf5
34. Ne2 Bd3 35. Ng3+ Kf4 36. Rc1 Bf5+ 37. Kg2 Be4+ 38. f3 Bxf3+ 39. Kf2 Be4 40.
Ne2+ Kg4 41. Rg1+ Kxh4 42. g6 Rf8+ 43. Ke3 Rf3+ 44. Kd2 Ne7 45. g7 Ng8 46. Rh1+
Rh3 47. Rf1 Rd3+ 48. Ke1 Rf3 49. Rh1+ Rh3 50. Rf1 Rh1 51. Ng1 Kh5 0-1

[Event "4NCL/Div2/PER-SWD"]
[Site "Rd10-Birmingham"]
[Date "2000.04.30"]
[Round "10.6"]
[White "Saunders, John"]
[Black "Gilbert, Jessie"]
[Result "1/2-1/2"]
[WhiteElo "2200"]
[BlackElo "2050"]
[PlyCount "57"]
[EventDate "2000.04.30"]

1. e4 c6 2. d4 d5 3. Nd2 dxe4 4. Nxe4 Nf6 5. Ng3 Qc7 6. Nf3 Bg4 7. Be2 e6 8.
Ne5 Bxe2 9. Qxe2 Nbd7 10. O-O Bd6 11. Re1 O-O 12. f4 c5 13. dxc5 Bxc5+ 14. Kh1
Rfe8 15. Bd2 Bd6 16. c4 Rac8 17. Bc3 Nb6 18. Rad1 Rcd8 19. b3 Qe7 20. Ng4 Nbd7
21. Nxf6+ Nxf6 22. Qf3 g6 23. Bb2 Bb4 24. Rxd8 Rxd8 25. Rd1 Rxd1+ 26. Qxd1 Qd7
27. Qd4 Be7 28. Qxd7 Nxd7 29. Ne4 1/2-1/2

[Event "4NCL/Div2/PER-SWD"]
[Site "Rd10-Birmingham"]
[Date "2000.04.30"]
[Round "10.7"]
[White "Bennet, William"]
[Black "Cast, Abigail"]
[Result "0-1"]
[WhiteElo "1696"]
[BlackElo "2133"]
[PlyCount "68"]
[EventDate "2000.04.30"]

1. d4 d5 2. c4 c6 3. Nf3 Nf6 4. Nc3 e6 5. Bg5 Be7 6. e3 Nbd7 7. Bd3 O-O 8. O-O
h6 9. Bh4 Re8 10. Qc2 dxc4 11. Bxc4 b6 12. Rad1 Bb7 13. e4 b5 14. Bb3 a5 15. a4
b4 16. Ne2 Rc8 17. Bg3 Qb6 18. Nf4 Ba6 19. Rfe1 c5 20. Qd2 c4 21. Ba2 b3 22.
Bb1 Bb4 23. Qe3 Ng4 24. Qc1 c3 25. bxc3 Bxc3 26. Qa3 Bxe1 27. Nxe1 Rc3 28. e5
Rec8 29. Nfd3 Qxd4 30. Nb2 Rc1 31. Qxb3 Rxd1 32. Nxd1 Rc1 33. Bc2 Qd2 34. f3
Qe2 0-1

[Event "4NCL/Div2/PER-SWD"]
[Site "Rd10-Birmingham"]
[Date "2000.04.30"]
[Round "10.8"]
[White "Cast, Jason"]
[Black "Foster-Yeow, Andrew"]
[Result "1-0"]
[WhiteElo "1848"]
[BlackElo "1528"]
[PlyCount "55"]
[EventDate "2000.04.30"]

1. e4 d5 2. exd5 Nf6 3. Nc3 Nxd5 4. Bc4 Nb6 5. Bb3 Nc6 6. Nf3 Bf5 7. d3 e6 8.
O-O Bd6 9. Re1 Qd7 10. Be3 O-O-O 11. a4 Bb4 12. Qe2 h6 13. Red1 g5 14. Ne4 Bxe4
15. dxe4 Qe7 16. Nd4 Nxd4 17. Bxd4 Rhe8 18. a5 Nd7 19. Bxa7 Bc5 20. Bxc5 Nxc5
21. Bc4 Rxd1+ 22. Rxd1 Qf6 23. a6 b6 24. b4 Na4 25. e5 Qe7 26. Qf3 c6 27. Qxc6+
Kb8 28. Rd7 1-0

[Event "4NCL/Div2/POI-BAR2"]
[Site "Rd10-Birmingham"]
[Date "2000.04.30"]
[Round "10.1"]
[White "Lalic, Bogdan"]
[Black "Kenworthy, Gary"]
[Result "1-0"]
[WhiteElo "2548"]
[BlackElo "2279"]
[PlyCount "47"]
[EventDate "2000.04.30"]

1. d4 Nf6 2. Nf3 g6 3. c4 Bg7 4. g3 O-O 5. Bg2 d6 6. O-O Nbd7 7. Nc3 e5 8. e4
c6 9. b3 a6 10. h3 b5 11. dxe5 dxe5 12. Qc2 b4 13. Na4 c5 14. Rd1 Qc7 15. Nd2
Bb7 16. Nf1 Bc6 17. Nb2 a5 18. a4 Rad8 19. Ne3 Nb6 20. Nd5 Bxd5 21. cxd5 Ne8
22. Be3 Rc8 23. Rac1 Nd7 24. d6 1-0

[Event "4NCL/Div2/POI-BAR2"]
[Site "Rd10-Birmingham"]
[Date "2000.04.30"]
[Round "10.2"]
[White "Plueg, Andreas"]
[Black "Shaw, John"]
[Result "0-1"]
[WhiteElo "2347"]
[BlackElo "2392"]
[PlyCount "116"]
[EventDate "2000.04.30"]

1. Nf3 d5 2. d4 Nf6 3. Bf4 c5 4. c3 Nc6 5. e3 e6 6. Nbd2 Bd6 7. Bg3 O-O 8. Be2
Qe7 9. Ne5 Bxe5 10. dxe5 Nd7 11. Nf3 f6 12. exf6 Nxf6 13. h3 e5 14. O-O Bf5 15.
a4 Rad8 16. Qb3 Ne4 17. Bh2 a6 18. Rad1 c4 19. Qa2 Kh8 20. Nd2 Nc5 21. b3 b5
22. axb5 axb5 23. bxc4 bxc4 24. e4 Nxe4 25. Nxe4 Bxe4 26. Rfe1 Qc5 27. Bg3 Bg6
28. Bf3 Rfe8 29. Qd2 Bd3 30. Bh5 Rf8 31. Bxe5 Rf5 32. Bc7 Rdf8 33. Bf3 Nd4 34.
Bg4 Nb3 35. Qe3 Qxc7 36. Bxf5 Bxf5 37. Rxd5 h6 38. Re5 Qf7 39. Re7 Qg6 40. Kh2
Bd3 41. Re6 Qf7 42. f3 Qf4+ 43. Qxf4 Rxf4 44. Kg3 Rf7 45. Re7 Rxe7 46. Rxe7 Nc1
47. Kf2 Na2 48. h4 Nxc3 49. g4 Nd5 50. Rd7 Nf4 51. Rd8+ Kh7 52. h5 c3 53. Ke3
c2 54. Rc8 Ne2 55. Kxd3 c1=Q 56. Rxc1 Nxc1+ 57. Ke4 Kg8 58. f4 Kf7 0-1

[Event "4NCL/Div2/POI-BAR2"]
[Site "Rd10-Birmingham"]
[Date "2000.04.30"]
[Round "10.3"]
[White "Swanson, Stephen"]
[Black "Duncan, Chris"]
[Result "1/2-1/2"]
[WhiteElo "2283"]
[BlackElo "2302"]
[PlyCount "66"]
[EventDate "2000.04.30"]

1. e4 c5 2. Nf3 d6 3. Bb5+ Bd7 4. Bxd7+ Qxd7 5. O-O Nc6 6. c3 Nf6 7. Re1 e6 8.
d3 Be7 9. h3 O-O 10. a4 a6 11. Nbd2 Qc7 12. Nf1 b5 13. Bf4 Qb6 14. Ng3 Rfe8 15.
Qe2 Bf8 16. Be3 Qb7 17. axb5 axb5 18. d4 cxd4 19. Bxd4 Nxd4 20. Nxd4 b4 21. c4
d5 22. Rxa8 Qxa8 23. e5 Nd7 24. Nf3 dxc4 25. Qxc4 Rc8 26. Qf4 Nc5 27. Rd1 b3
28. Ng5 Qb7 29. Qh4 h6 30. N5e4 Nxe4 31. Nxe4 Qb4 32. Qg4 Kh8 33. Qf3 Qb7
1/2-1/2

[Event "4NCL/Div2/POI-BAR2"]
[Site "Rd10-Birmingham"]
[Date "2000.04.30"]
[Round "10.4"]
[White "Lewis, Andrew P"]
[Black "Rosen, Daniel"]
[Result "0-1"]
[WhiteElo "2266"]
[BlackElo "2239"]
[PlyCount "52"]
[EventDate "2000.04.30"]

1. e4 g6 2. d4 Bg7 3. c4 d6 4. Nc3 Nc6 5. Be3 e5 6. d5 Nce7 7. c5 f5 8. Bb5+
Bd7 9. Qb3 c6 10. Bc4 cxd5 11. Nxd5 Bc6 12. O-O-O f4 13. cxd6 Nxd5 14. exd5 Bd7
15. Bd2 Rc8 16. Kb1 Nh6 17. Bd3 O-O 18. Nf3 Re8 19. Rhe1 Ng4 20. Re2 e4 21. h3
Nf6 22. Ng5 exd3 23. Re7 Qb6 24. Qa3 Rxe7 25. dxe7 Nxd5 26. Ba5 Qxf2 0-1

[Event "4NCL/Div2/POI-BAR2"]
[Site "Rd10-Birmingham"]
[Date "2000.04.30"]
[Round "10.6"]
[White "D'Costa, Lorin"]
[Black "Walker, Martin"]
[Result "0-1"]
[WhiteElo "2215"]
[BlackElo "2112"]
[PlyCount "76"]
[EventDate "2000.04.30"]

1. e4 e5 2. Nf3 Nc6 3. Bb5 a6 4. Ba4 Nf6 5. O-O Be7 6. Re1 b5 7. Bb3 O-O 8. a4
b4 9. d4 d6 10. h3 Nxd4 11. Nxd4 exd4 12. Qxd4 c5 13. Qd3 Be6 14. Bg5 Nh5 15.
Bxe7 Qxe7 16. Nd2 Qg5 17. Nf3 Qxg2+ 18. Kxg2 Nf4+ 19. Kg3 Nxd3 20. Bxe6 Nxe1
21. Bd5 Nxc2 22. Rc1 b3 23. Bxa8 Rxa8 24. Rd1 Rd8 25. Rd3 Nb4 26. Rxb3 d5 27.
exd5 Rxd5 28. Re3 Kf8 29. Re5 Rxe5 30. Nxe5 Ke7 31. Kf4 Ke6 32. Nc4 Kd5 33.
Ne3+ Kd4 34. Nf5+ Kd3 35. Nxg7 Kc2 36. Nf5 Kxb2 37. Nd6 Kb3 38. Nxf7 c4 0-1

[Event "4NCL/Div2/POI-BAR2"]
[Site "Rd10-Birmingham"]
[Date "2000.04.30"]
[Round "10.7"]
[White "Ledger, Stephen"]
[Black "Sands, David"]
[Result "1/2-1/2"]
[WhiteElo "2179"]
[BlackElo "2258"]
[PlyCount "58"]
[EventDate "2000.04.30"]

1. d4 d5 2. Nf3 Nf6 3. Bf4 c5 4. c3 Qb6 5. Qb3 c4 6. Qxb6 axb6 7. Na3 Nc6 8.
Nb5 Ra5 9. a4 Bf5 10. Bc7 Bc2 11. Bxb6 Rxa4 12. Rxa4 Bxa4 13. Nc7+ Kd7 14. Ne5+
Nxe5 15. dxe5 Ng4 16. Nxd5 e6 17. Ne3 Nxe3 18. Bxe3 Be7 19. Bc1 Bc6 20. e4 b5
21. f3 Ra8 22. Be2 Bd8 23. Kf2 Ra2 24. Rd1+ Kc8 25. f4 Bxe4 26. Bf3 Bb6+ 27.
Kg3 Bxf3 28. Kxf3 Kc7 29. g4 Bc5 1/2-1/2

[Event "4NCL/Div2/POI-BAR2"]
[Site "Rd10-Birmingham"]
[Date "2000.04.30"]
[Round "10.8"]
[White "Kieran, Rosalind"]
[Black "Turvey, Syringa"]
[Result "1-0"]
[WhiteElo "2085"]
[BlackElo "1680"]
[PlyCount "79"]
[EventDate "2000.04.30"]

1. e4 c5 2. Nf3 d6 3. d4 cxd4 4. Nxd4 Nf6 5. Nc3 a6 6. Be3 e6 7. f3 Be7 8. Qd2
Qc7 9. O-O-O Nc6 10. g4 b5 11. g5 Nd7 12. h4 Bb7 13. h5 Nde5 14. Be2 Na5 15.
Kb1 Nec4 16. Bxc4 Nxc4 17. Qd3 Rc8 18. Rc1 b4 19. Nce2 d5 20. c3 dxe4 21. fxe4
e5 22. cxb4 exd4 23. Qxd4 O-O 24. h6 Qe5 25. Rxc4 Bxe4+ 26. Qxe4 Qxe4+ 27. Rxe4
Rfe8 28. Nc3 Bxb4 29. Rxb4 Rxe3 30. hxg7 Rg3 31. Rbh4 Kxg7 32. Rxh7+ Kg6 33.
R7h6+ Kf5 34. Rf6+ Kxg5 35. Ne4+ Kg4 36. Nxg3 Kxg3 37. Rg1+ Kh2 38. Rg7 Rh8 39.
Rfxf7 Rh3 40. Rh7 1-0

[Event "4NCL/Div2/SCS-GWD"]
[Site "Rd10-Birmingham"]
[Date "2000.04.30"]
[Round "10.1"]
[White "Greet, Andrew"]
[Black "Varley, Peter"]
[Result "1/2-1/2"]
[WhiteElo "2238"]
[BlackElo "2240"]
[PlyCount "69"]
[EventDate "2000.04.30"]

1. e4 e5 2. Nf3 Nc6 3. Bc4 Bc5 4. c3 Nf6 5. d4 exd4 6. O-O Nxe4 7. cxd4 d5 8.
dxc5 dxc4 9. Qe2 Qd3 10. Re1 f5 11. Nc3 O-O 12. Nxe4 fxe4 13. Qxe4 Bf5 14. Qh4
Rae8 15. Bf4 c3 16. bxc3 Qxc3 17. Bxc7 Qxc5 18. Qg3 Qd5 19. a3 Re6 20. Rxe6
Qxe6 21. Re1 Qg6 22. Qh4 Bg4 23. Ne5 Nxe5 24. Bxe5 Re8 25. Qg3 b6 26. h3 Bf5
27. Qc3 Rc8 28. Qe3 Re8 29. Kh2 h6 30. Qd4 Qf7 31. Re3 Qd7 32. Rg3 Re7 33. Qf4
Kh7 34. Rc3 Qe6 35. Re3 1/2-1/2

[Event "4NCL/Div2/SCS-GWD"]
[Site "Rd10-Birmingham"]
[Date "2000.04.30"]
[Round "10.2"]
[White "Evans-Quek, S."]
[Black "Edwards, David"]
[Result "0-1"]
[WhiteElo "2285"]
[BlackElo "2137"]
[PlyCount "102"]
[EventDate "2000.04.30"]

1. e4 d5 2. exd5 Nf6 3. d4 Bg4 4. Nf3 Qxd5 5. Be2 Nc6 6. c3 O-O-O 7. O-O e6 8.
h3 Bh5 9. Bf4 Qd7 10. Nbd2 Bd6 11. Bxd6 cxd6 12. c4 d5 13. c5 Ne4 14. Re1 f5
15. Rc1 g5 16. Ne5 Bxe2 17. Rxe2 Nxe5 18. dxe5 Kb8 19. Nb3 Rc8 20. Qd4 h5 21.
Qb4 g4 22. h4 Qe7 23. g3 f4 24. Rxe4 dxe4 25. Qxe4 fxg3 26. fxg3 Rhf8 27. c6
Qf7 28. Qd4 Rxc6 29. Nc5 Ka8 30. Rd1 Qf3 31. Ne4 a6 32. Qd3 Qxd3 33. Rxd3 Rc1+
34. Kg2 Rc2+ 35. Rd2 Rxd2+ 36. Nxd2 Rc8 37. Kf2 Rc2 38. Ke3 Rxb2 39. a3 Rxd2
40. Kxd2 b5 41. Ke3 Kb7 42. Kf4 a5 43. Kg5 b4 44. axb4 axb4 45. Kxh5 b3 46.
Kxg4 b2 47. Kg5 b1=Q 48. g4 Kc7 49. h5 Qh7 50. Kf6 Kd7 51. g5 Qf5+ 0-1

[Event "4NCL/Div2/SCS-GWD"]
[Site "Rd10-Birmingham"]
[Date "2000.04.30"]
[Round "10.3"]
[White "Bigg, Andrew"]
[Black "Walden-Jones, Andrew"]
[Result "0-1"]
[WhiteElo "2163"]
[BlackElo "2135"]
[PlyCount "56"]
[EventDate "2000.04.30"]

1. d4 Nf6 2. c4 e6 3. Nc3 d5 4. Bg5 Be7 5. e3 Nbd7 6. Nf3 O-O 7. Rc1 dxc4 8.
Bxc4 a6 9. a4 Ne8 10. h4 h6 11. Bxe7 Qxe7 12. d5 Nb6 13. Ba2 Nf6 14. dxe6 Bxe6
15. Bxe6 Qxe6 16. Nd4 Qe5 17. Rh3 Rad8 18. f4 Qe7 19. Qe2 Qb4 20. Kf2 h5 21.
Kg1 Rfe8 22. Qc2 c6 23. b3 Ng4 24. Nce2 Nxe3 25. Qc5 Qxc5 26. Rxc5 Rd5 27. Rxd5
Nbxd5 28. Kf2 c5 0-1

[Event "4NCL/Div2/SCS-GWD"]
[Site "Rd10-Birmingham"]
[Date "2000.04.30"]
[Round "10.4"]
[White "Powell, J Lloyd"]
[Black "Clark, Stephen"]
[Result "1/2-1/2"]
[WhiteElo "2152"]
[BlackElo "2132"]
[PlyCount "157"]
[EventDate "2000.04.30"]

1. d4 d5 2. c4 c6 3. Nf3 Nf6 4. g3 dxc4 5. Bg2 Bf5 6. O-O e6 7. Nc3 Bb4 8. Ne5
Bxc3 9. bxc3 Nbd7 10. Nxc4 Nb6 11. Na5 Qc7 12. Bf4 Qd7 13. Be5 O-O 14. Bxf6
gxf6 15. e4 Bg6 16. h4 h5 17. f4 Nc8 18. f5 exf5 19. exf5 Bxf5 20. Qxh5 Bg4 21.
Qh6 f5 22. Nc4 Qe6 23. Qg5+ Kh7 24. Ne3 Rg8 25. Qf4 Nd6 26. Rae1 Qh6 27. Qxh6+
Kxh6 28. Kh2 Rae8 29. Nxg4+ fxg4 30. Rxe8 Nxe8 31. Rxf7 Nd6 32. Rf6+ Rg6 33.
Rxg6+ Kxg6 34. Bf1 Kf5 35. Bd3+ Kf6 36. Kg2 Ne8 37. Kf2 Ng7 38. Be4 Nh5 39. a4
a5 40. c4 Ng7 41. c5 Ke6 42. Bg6 Kf6 43. h5 Ne6 44. Ke3 Kg5 45. Kd3 Nc7 46. Ke4
Nd5 47. Ke5 Nc3 48. Bc2 Kxh5 49. Kd6 Ne2 50. Kc7 Nxg3 51. d5 cxd5 52. Kxb7 Ne4
53. Bxe4 dxe4 54. c6 e3 55. c7 e2 56. c8=Q e1=Q 57. Qf5+ Kh4 58. Qf6+ Kh3 59.
Qh6+ Kg2 60. Qc6+ Kh3 61. Qh6+ Qh4 62. Qe6 Qf2 63. Kc6 Qd2 64. Qf5 Qb4 65. Qh7+
Kg2 66. Qc2+ Kf3 67. Qd3+ Kf2 68. Qf5+ Ke3 69. Qe5+ Kd3 70. Qd5+ Kc3 71. Qd1
Kb2 72. Qe2+ Ka3 73. Qd3+ Kxa4 74. Qc2+ Ka3 75. Qc1+ Ka2 76. Qc2+ Ka1 77. Qc1+
Qb1 78. Qa3+ Qa2 79. Qc1+ 1/2-1/2

[Event "4NCL/Div2/SCS-GWD"]
[Site "Rd10-Birmingham"]
[Date "2000.04.30"]
[Round "10.5"]
[White "Rattray, Ross"]
[Black "Gilbert, Jonathan"]
[Result "1/2-1/2"]
[WhiteElo "2109"]
[BlackElo "2085"]
[PlyCount "45"]
[EventDate "2000.04.30"]

1. e4 g6 2. c4 Bg7 3. Nc3 d6 4. d4 Nf6 5. Nf3 O-O 6. Be2 e5 7. dxe5 dxe5 8.
Qxd8 Rxd8 9. Bg5 Re8 10. h3 c6 11. O-O Na6 12. Be3 Nh5 13. Rfd1 Nf4 14. Bf1 f5
15. a3 Ne6 16. b4 f4 17. Bc1 Nd4 18. Nxd4 exd4 19. Na4 Rxe4 20. Bd3 Re7 21.
Bxf4 Bf5 22. Bxf5 gxf5 23. Bd6 1/2-1/2

[Event "4NCL/Div2/SCS-GWD"]
[Site "Rd10-Birmingham"]
[Date "2000.04.30"]
[Round "10.6"]
[White "Evans-Quek, Debbie"]
[Black "Cooley, Oliver"]
[Result "1/2-1/2"]
[WhiteElo "2000"]
[BlackElo "1896"]
[PlyCount "78"]
[EventDate "2000.04.30"]

1. e4 e5 2. Nf3 Nc6 3. Bb5 a6 4. Ba4 Nf6 5. O-O b5 6. Bb3 Bc5 7. c3 Nxe4 8. d4
exd4 9. Re1 d5 10. cxd4 Be7 11. Nc3 Nxc3 12. bxc3 O-O 13. Qd3 g6 14. Bh6 Bf5
15. Qd2 Re8 16. Ng5 Na5 17. Qf4 Nxb3 18. axb3 Qd6 19. Qe3 Bd7 20. Qf3 f6 21.
Nh3 Bxh3 22. Qxh3 Bf8 23. Bxf8 Qxf8 24. Qd7 Qf7 25. Qc6 Kg7 26. Rxe8 Rxe8 27.
Qxa6 Qd7 28. Kf1 Re6 29. Qa2 Qd6 30. g3 Re4 31. b4 Qd7 32. Kg2 Qc6 33. Qd2 Qe6
34. Ra2 Re1 35. Qf4 Qc6 36. Ra7 Re7 37. Qf3 Re4 38. Qd3 Re1 39. Qd2 Re7 1/2-1/2